| 000 | 00499nam a2200169Ia 4500 | ||
|---|---|---|---|
| 999 |
_c27971 _d27971 |
||
| 003 | OSt | ||
| 005 | 20201228132441.0 | ||
| 008 | 190216s9999||||xx |||||||||||||| ||und|| | ||
| 040 | _coclc | ||
| 082 |
_a894.812301 _bKUN/P |
||
| 100 |
_a Kunhabdulla, Punathil _96411 |
||
| 245 | 0 |
_aPunathilinte Kathakal / _cPunathil Kunhabdulla |
|
| 260 |
_bCurrent Books, _aKottayam: _c1999. |
||
| 300 | _a412p | ||
| 650 | _aKathakal | ||
| 942 |
_cBK _2ddc _h894.812301 _iKUN/P _k894.812301 _mKUN/P |
||